[Event "DEM U12 2011"]
[Site "Oberhof GER"]
[Date "2011.06.13"]
[Round "4"]
[White "Weiten, Anna"]
[Black "Allin, Katharina"]
[Result "0-1"]
[Termination "normal"]
[Board "46"]
[WhiteElo "872"]
[BlackElo "1256"]
[PlyCount "140"]
[WhiteFideId "12938203"]
[BlackFideId "12903779"]
[EventCountry "GER"]
[EventRounds "11"]
[EventType "swiss"]
[EventDate "2011.06.11"]

1. e4 e5 2. Nf3 Nc6 3. Bc4 Bc5 4. Nc3 Nf6 5. d3 d6 6. Bg5 h6 7. Bxf6 Qxf6 8.
Nd5 Qd8 9. h3 Be6 10. c3 a6 11. b4 Ba7 12. O-O g5 13. b5 axb5 14. Bxb5 g4 15.
hxg4 Bxg4 16. Rb1 Rg8 17. Qe2 Qd7 18. Nf6+ Ke7 19. Nxd7 Kxd7 20. Rfe1 Bh3 21.
Nh4 Rg5 22. Qf3 Be6 23. Nf5 Rh8 24. Rbd1 h5 25. Bxc6+ bxc6 26. d4 h4 27. Qh3
Rhh5 28. dxe5 Bxf5 29. exf5 Rxf5 30. Rf1 Kd8 31. g4 hxg3 32. Qxg3 Rhg5 33.
Qxg5+ Rxg5+ 34. Kh2 Rxe5 35. Kg3 Re2 36. a4 Ra2 37. Ra1 Rd2 38. a5 Rd3+ 39. Kf4
Rxc3 40. a6 Rc4+ 41. Kf5 d5 42. Rac1 Rxc1 43. Rxc1 Kd7 44. Kf6 d4 45. Kxf7 c5
46. f4 d3 47. Rd1 c4 48. f5 Kc6 49. Kg7 Bd4+ 50. f6 Kb6 51. Kg8 Bxf6 52. Kf7
Bg5 53. Ke6 d2 54. Kf5 c3 55. Kxg5 c2 56. Rxd2 c1=Q 57. a7 Kxa7 58. Kf6 Qxd2
59. Ke6 Qd4 60. Ke7 Kb6 61. Ke6 Kc6 62. Ke7 Qd6+ 63. Kf7 Kd7 64. Kg7 Qe6 65.
Kh7 c5 66. Kg7 c4 67. Kh7 c3 68. Kg7 c2 69. Kh7 c1=Q 70. Kg7 Qch6# 0-1

[Event "DEM U12 2011"]
[Site "Oberhof GER"]
[Date "2011.06.13"]
[Round "4"]
[White "Lederer, Leia"]
[Black "Richardt, Angelina"]
[Result "1-0"]
[Termination "normal"]
[Board "47"]
[WhiteElo "1252"]
[BlackElo "1146"]
[PlyCount "69"]
[WhiteFideId "12926353"]
[BlackFideId "12938149"]
[EventCountry "GER"]
[EventRounds "11"]
[EventType "swiss"]
[EventDate "2011.06.11"]

1. e4 e5 2. Nf3 d6 3. d4 exd4 4. Nxd4 Nf6 5. Nc3 Be7 6. g3 O-O 7. Bg2 c6 8. Be3
Bg4 9. f3 Bd7 10. Qd2 c5 11. Nf5 Be6 12. h4 a6 13. h5 b5 14. h6 g6 15. Ng7 Bd7
16. f4 Nc6 17. f5 Ne5 18. Bf4 Nfg4 19. O-O-O b4 20. Nd5 a5 21. Bh3 a4 22. Nxe7+
Qxe7 23. Bxg4 Nxg4 24. Bxd6 Qxe4 25. Bxf8 Rxf8 26. Qxd7 Nf2 27. Rhe1 Qa8 28.
Rd5 b3 29. cxb3 axb3 30. a3 c4 31. Re8 Rxe8 32. Nxe8 Ne4 33. Nf6+ Kf8 34. Nxh7+
Kg8 35. fxg6 1-0

[Event "DEM U12 2011"]
[Site "Oberhof GER"]
[Date "2011.06.14"]
[Round "5"]
[White "Péczely, Sebastian Zsomber"]
[Black "Schröder, Kevin"]
[Result "0-1"]
[Termination "normal"]
[Board "1"]
[WhiteElo "1967"]
[BlackElo "1954"]
[PlyCount "74"]
[WhiteFideId "750964"]
[BlackFideId "12929840"]
[EventCountry "GER"]
[EventRounds "11"]
[EventType "swiss"]
[EventDate "2011.06.11"]

1. e4 c5 2. Nf3 d6 3. d4 cxd4 4. Nxd4 Nf6 5. Nc3 a6 6. f3 e5 7. Nb3 Be7 8. Be3
Be6 9. Qd2 O-O 10. O-O-O Nbd7 11. Kb1 b5 12. g4 b4 13. Na4 a5 14. h4 Qc7 15. h5
Rfc8 16. g5 Ne8 17. Bd3 Nc5 18. Bb5 Rab8 19. Bxe8 Rxe8 20. Nbxc5 dxc5 21. b3 c4
22. g6 Red8 23. gxh7+ Kxh7 24. Qf2 Rxd1+ 25. Rxd1 Rd8 26. Rg1 Rd6 27. Qg3 Bf8
28. Bc5 cxb3 29. axb3 Rd2 30. Kc1 Bxb3 31. Kxd2 Bxa4 32. Bxf8 Qxc2+ 33. Ke3
Qc3+ 34. Ke2 Bb5+ 35. Kd1 Qa1+ 36. Kc2 b3+ 37. Kxb3 Ba4+ 0-1

[Event "DEM U12 2011"]
[Site "Oberhof GER"]
[Date "2011.06.14"]
[Round "5"]
[White "Dürr, Florian"]
[Black "Mager, Denis"]
[Result "1/2-1/2"]
[Termination "normal"]
[Board "2"]
[WhiteElo "1819"]
[BlackElo "1741"]
[PlyCount "140"]
[WhiteFideId "24659134"]
[BlackFideId "24691127"]
[EventCountry "GER"]
[EventRounds "11"]
[EventType "swiss"]
[EventDate "2011.06.11"]

1. e4 c5 2. c4 Nc6 3. Ne2 Nf6 4. Nbc3 e6 5. g3 d5 6. exd5 exd5 7. cxd5 Nb4 8.
Nf4 Bd6 9. Bb5+ Bd7 10. a3 Qe7+ 11. Kf1 Bxb5+ 12. Nxb5 Nbxd5 13. Nxd5 Nxd5 14.
Kg2 O-O 15. Re1 Qd7 16. Nc3 Qc6 17. Qf3 Ne7 18. d3 Qxf3+ 19. Kxf3 Nc6 20. Be3
Ne5+ 21. Ke2 Ng4 22. Ne4 Nxe3 23. fxe3 Be7 24. Rac1 b6 25. Red1 f5 26. Nc3 Bf6
27. Rc2 Rad8 28. Kf3 Rfe8 29. h4 Re6 30. Rcd2 Kf7 31. d4 Rde8 32. Re2 cxd4 33.
exd4 Rxe2 34. Nxe2 Re4 35. Rc1 Bxd4 36. Nxd4 Rxd4 37. Rc7+ Kf6 38. Rxa7 Rd3+
39. Kf4 h6 40. h5 Rb3 41. Ra6 Rxb2 42. g4 fxg4 43. Kxg4 Ke5 44. a4 Rb4+ 45. Kg3
Rb3+ 46. Kg4 Ra3 47. Rxb6 Rxa4+ 48. Kg3 Ra1 49. Kg2 Kf4 50. Rg6 Ra2+ 51. Kg1
Ra7 52. Kg2 Re7 53. Kf2 Ra7 54. Kg2 Ke3 55. Re6+ Kf4 56. Rg6 Rb7 57. Kf2 Re7
58. Rg2 Ra7 59. Rg6 Ra2+ 60. Kg1 Ra5 61. Rxg7 Rxh5 62. Rf7+ Kg4 63. Ra7 Rf5 64.
Kg2 h5 65. Ra4+ Kg5 66. Kg3 Rd5 67. Ra8 h4+ 68. Kh3 Rd3+ 69. Kg2 Kg4 70. Rg8+
Kf4 1/2-1/2

[Event "DEM U12 2011"]
[Site "Oberhof GER"]
[Date "2011.06.14"]
[Round "5"]
[White "Sawlin, Leonid"]
[Black "Urban, Konstantin"]
[Result "1-0"]
[Termination "normal"]
[Board "3"]
[WhiteElo "1920"]
[BlackElo "1648"]
[PlyCount "63"]
[WhiteFideId "4689542"]
[BlackFideId "12927511"]
[EventCountry "GER"]
[EventRounds "11"]
[EventType "swiss"]
[EventDate "2011.06.11"]

1. e4 c5 2. Nf3 e6 3. d4 cxd4 4. Nxd4 a6 5. Bd3 Qc7 6. Nc3 Nf6 7. O-O Be7 8.
Kh1 O-O 9. f4 d6 10. Bd2 Nbd7 11. Qe2 Re8 12. Rae1 Bf8 13. e5 Nd5 14. Qe4 g6
15. exd6 Nxc3 16. Bxc3 Qxd6 17. Nb3 Bg7 18. Bb4 Qc7 19. f5 Nf6 20. Qh4 Nd5 21.
fxg6 hxg6 22. Bd2 b5 23. Rf3 Bxb2 24. Ref1 Re7 25. Bxg6 Bf6 26. Qh7+ Kf8 27.
Rxf6 Nxf6 28. Qh8+ Ng8 29. Bh6+ Ke8 30. Qxg8+ Kd7 31. Rd1+ Kc6 32. Be4+ 1-0

[Event "DEM U12 2011"]
[Site "Oberhof GER"]
[Date "2011.06.14"]
[Round "5"]
[White "Wiesner, Paula"]
[Black "Baskin, Robert"]
[Result "0-1"]
[Termination "normal"]
[Board "4"]
[WhiteElo "1792"]
[BlackElo "1940"]
[PlyCount "82"]
[WhiteFideId "24654019"]
[BlackFideId "24662402"]
[EventCountry "GER"]
[EventRounds "11"]
[EventType "swiss"]
[EventDate "2011.06.11"]

1. d4 Nf6 2. c4 c5 3. Nf3 cxd4 4. Nxd4 e6 5. Nc3 a6 6. Bg5 Be7 7. Qc2 Qc7 8. e4
d6 9. Be2 b6 10. O-O Bb7 11. Kh1 O-O 12. f3 Nbd7 13. Rad1 Rac8 14. Rd2 Ne5 15.
Rc1 Nxc4 16. Nd1 Qb8 17. Bxc4 d5 18. exd5 exd5 19. Qd3 dxc4 20. Rxc4 Rxc4 21.
Qxc4 Qe5 22. Re2 Qxg5 23. Rxe7 Qd2 24. Qe2 Qxd4 25. Rxb7 Re8 26. Qf1 Qd2 27.
Nc3 Re1 28. Rb8+ Ne8 29. Rxe8+ Rxe8 30. Ne4 Qxb2 31. h3 Qxa2 32. Qd3 Qa1+ 33.
Kh2 Qe5+ 34. Kg1 b5 35. Qd7 Qe6 36. Qb7 Qc8 37. Qd5 Qe6 38. Qd3 f5 39. Nc5 Qe1+
40. Qf1 Qxf1+ 41. Kxf1 a5 0-1

[Event "DEM U12 2011"]
[Site "Oberhof GER"]
[Date "2011.06.14"]
[Round "5"]
[White "Kitze, Alexander"]
[Black "Perske, Thore"]
[Result "1-0"]
[Termination "normal"]
[Board "5"]
[WhiteElo "1717"]
[BlackElo "1830"]
[PlyCount "61"]
[WhiteFideId "12914827"]
[BlackFideId "12902195"]
[EventCountry "GER"]
[EventRounds "11"]
[EventType "swiss"]
[EventDate "2011.06.11"]

1. e4 e6 2. d4 d5 3. Nc3 Bb4 4. e5 c5 5. a3 Bxc3+ 6. bxc3 Qc7 7. Qg4 f5 8. Qg3
cxd4 9. cxd4 Ne7 10. c3 O-O 11. Ne2 b6 12. Nf4 Qd7 13. a4 Ba6 14. Bb5 Bxb5 15.
axb5 a5 16. Ba3 Rf7 17. O-O Ra7 18. Bd6 Rb7 19. Rab1 Nc8 20. Ba3 Qe8 21. Rfe1
Nd7 22. Nxd5 exd5 23. e6 Rf6 24. exd7 Qxd7 25. Re5 f4 26. Qf3 Rf5 27. Rbe1 Rxe5
28. Rxe5 Qxb5 29. h3 Rf7 30. Qxd5 Qxd5 31. Re8+ 1-0

[Event "DEM U12 2011"]
[Site "Oberhof GER"]
[Date "2011.06.14"]
[Round "5"]
[White "Petrashov, Alexander"]
[Black "Flüchter, Gregor"]
[Result "1/2-1/2"]
[Termination "normal"]
[Board "7"]
[WhiteElo "1644"]
[BlackElo "1822"]
[PlyCount "67"]
[WhiteFideId "24662461"]
[BlackFideId "12903396"]
[EventCountry "GER"]
[EventRounds "11"]
[EventType "swiss"]
[EventDate "2011.06.11"]

1. d4 d5 2. c4 e6 3. Nc3 Nf6 4. Nf3 Nbd7 5. Bg5 Be7 6. e3 O-O 7. Bd3 a6 8. O-O
dxc4 9. Bxc4 b5 10. Bd3 c5 11. Ne4 Bb7 12. Bxf6 Bxf6 13. Nxc5 Bxf3 14. gxf3
Nxc5 15. dxc5 Bxb2 16. Bxh7+ Kxh7 17. Qc2+ g6 18. Qxb2 Qg5+ 19. Kh1 Qxc5 20.
Rg1 Rac8 21. Qf6 Qc3 22. Qh4+ Kg8 23. Qh6 Qg7 24. Qh4 Rc4 25. Qe7 Rfc8 26. Rad1
Qf8 27. Qf6 Qg7 28. Qe7 Ra4 29. Rd8+ Rxd8 30. Qxd8+ Qf8 31. Qf6 Qg7 32. Qd8+
Qf8 33. Qf6 Qg7 34. Qd8+ 1/2-1/2

[Event "DEM U12 2011"]
[Site "Oberhof GER"]
[Date "2011.06.14"]
[Round "5"]
[White "Niediek, Cedric"]
[Black "Kollars, Dmitrij"]
[Result "0-1"]
[Termination "normal"]
[Board "8"]
[WhiteElo "1641"]
[BlackElo "1830"]
[PlyCount "152"]
[BlackFideId "12909572"]
[EventCountry "GER"]
[EventRounds "11"]
[EventType "swiss"]
[EventDate "2011.06.11"]

1. e4 c5 2. Nf3 d6 3. Bb5+ Bd7 4. Bxd7+ Qxd7 5. O-O Nc6 6. c3 Nf6 7. Re1 g6 8.
d4 cxd4 9. cxd4 Bg7 10. Nc3 O-O 11. h3 Rfd8 12. Be3 d5 13. e5 Ne4 14. Bd2 Nxc3
15. Bxc3 b5 16. a3 a5 17. b4 e6 18. Qd2 axb4 19. axb4 Qb7 20. Qb2 Rxa1 21. Rxa1
Ra8 22. Ne1 Ra7 23. Nd3 h6 24. Rxa7 Qxa7 25. Nc5 Bf8 26. Kh2 Bxc5 27. dxc5 Qa4
28. Bd2 d4 29. f4 d3 30. Kg3 Qc2 31. Qc3 Ne7 32. Qxc2 dxc2 33. Kf3 Nc6 34. Ke4
Nxb4 35. Kd4 Kf8 36. Kc3 Nc6 37. Kxc2 Ke7 38. Be3 Kd7 39. Kb3 Ne7 40. g3 Nd5
41. Bf2 Kc6 42. h4 h5 43. Bg1 Nc7 44. Kc3 Na6 45. Bh2 Nxc5 46. Kd4 Nd7 47. Kc3
Nb6 48. Bg1 Nd5+ 49. Kd4 Ne7 50. Bf2 Nf5+ 51. Ke4 b4 52. Kd3 Kb5 53. Be1 Ka4
54. Kc2 Ka3 55. Kb1 Kb3 56. Bf2 Kc3 57. Kc1 Kd3 58. Kd1 b3 59. Kc1 Ke2 60. Bc5
Nxg3 61. Kb2 Nf5 62. Kxb3 Nxh4 63. Be7 Nf5 64. Bg5 h4 65. Bxh4 Nxh4 66. Kc3 Ke3
67. Kc2 Kxf4 68. Kd3 Kf3 69. Kd2 Kf2 70. Kd3 g5 71. Ke4 g4 72. Kf4 g3 73. Kg4
g2 74. Kxh4 g1=Q 75. Kh5 Qg7 76. Kh4 Qg6 0-1

[Event "DEM U12 2011"]
[Site "Oberhof GER"]
[Date "2011.06.14"]
[Round "5"]
[White "Pallas, Sebastian"]
[Black "Nothnagel, Marian Can"]
[Result "1/2-1/2"]
[Termination "normal"]
[Board "9"]
[WhiteElo "1813"]
[BlackElo "1613"]
[PlyCount "99"]
[WhiteFideId "12905453"]
[BlackFideId "12921530"]
[EventCountry "GER"]
[EventRounds "11"]
[EventType "swiss"]
[EventDate "2011.06.11"]

1. e4 e5 2. Nf3 Nf6 3. Nxe5 d6 4. Nf3 Nxe4 5. d4 d5 6. Bd3 Bd6 7. O-O O-O 8.
Re1 Bf5 9. c4 c6 10. Qc2 Na6 11. a3 Re8 12. Nc3 Bg4 13. Ne5 Bxe5 14. dxe5 Nac5
15. Nxe4 dxe4 16. Bxe4 f5 17. Bxf5 Bxf5 18. Qxf5 Rf8 19. Qc2 Qd4 20. Be3 Qxe5
21. Rad1 Rae8 22. Qd2 Ne4 23. Qd4 Qxd4 24. Rxd4 c5 25. Rd7 Rf7 26. Red1 Ree7
27. R7d5 b6 28. Rd8+ Rf8 29. Rxf8+ Kxf8 30. Kf1 Kf7 31. Rd5 Nf6 32. Rd3 Re4 33.
b3 Re7 34. h3 h6 35. f3 Nd7 36. Bf4 g5 37. Bg3 Nf6 38. Kf2 Kg6 39. Rd6 Kf5 40.
b4 cxb4 41. axb4 h5 42. c5 bxc5 43. bxc5 h4 44. Bh2 Nh5 45. c6 Nf4 46. Rd7 Re2+
47. Kf1 Rc2 48. c7 a5 49. Bxf4 Kxf4 50. Rd5 1/2-1/2

[Event "DEM U12 2011"]
[Site "Oberhof GER"]
[Date "2011.06.14"]
[Round "5"]
[White "Riehle, Marco"]
[Black "Höglauer, Patrick"]
[Result "0-1"]
[Termination "normal"]
[Board "10"]
[WhiteElo "1747"]
[BlackElo "1764"]
[PlyCount "84"]
[WhiteFideId "12904392"]
[BlackFideId "1270548"]
[EventCountry "GER"]
[EventRounds "11"]
[EventType "swiss"]
[EventDate "2011.06.11"]

1. e4 c5 2. Nf3 e6 3. d4 cxd4 4. Nxd4 a6 5. c4 Nf6 6. Nc3 Qc7 7. Be2 Bb4 8. Qc2
Nc6 9. Nxc6 dxc6 10. O-O O-O 11. Bd2 e5 12. f4 exf4 13. Rxf4 Bd6 14. Rh4 Be5
15. Rf1 b5 16. Bf4 Bxf4 17. Rhxf4 Qe5 18. cxb5 axb5 19. R1f3 Qc5+ 20. Kh1 b4
21. Qc1 Ne8 22. b3 bxc3 23. Bc4 Nd6 24. Qxc3 Nxc4 25. bxc4 Rxa2 26. h3 Be6 27.
Rg3 g6 28. Qf6 Qb4 29. Rh4 Qe1+ 30. Kh2 Rf2 31. Rf4 Rxf4 32. Qxf4 Bxc4 33. h4
Be2 34. Qh6 c5 35. Rg5 c4 36. Kh3 c3 37. h5 Qh1+ 38. Kg3 c2 39. Rc5 Rd8 40.
Rxc2 Rd3+ 41. Kf4 Qh4+ 42. Ke5 Qe7+ 0-1

[Event "DEM U12 2011"]
[Site "Oberhof GER"]
[Date "2011.06.14"]
[Round "5"]
[White "Surguchov, Alexander"]
[Black "Scholz, Robert"]
[Result "0-1"]
[Termination "normal"]
[Board "12"]
[WhiteElo "1545"]
[BlackElo "1643"]
[PlyCount "100"]
[WhiteFideId "1272035"]
[BlackFideId "1270301"]
[EventCountry "GER"]
[EventRounds "11"]
[EventType "swiss"]
[EventDate "2011.06.11"]

1. d4 Nf6 2. e3 g6 3. Bd3 d5 4. f4 Bg7 5. Nf3 c5 6. c3 b6 7. Qe2 O-O 8. O-O Ne4
9. Nbd2 Bf5 10. Bxe4 Bxe4 11. Nxe4 dxe4 12. Nd2 Qd5 13. c4 Qb7 14. Nb3 cxd4 15.
exd4 f5 16. Be3 Nc6 17. a3 e6 18. Rfd1 Rfd8 19. Rac1 Rd7 20. c5 b5 21. Rc2 a5
22. Rcd2 a4 23. Nc1 Na5 24. Qf2 Nc4 25. Rc2 Rad8 26. Ne2 Qc6 27. g3 Rd5 28. Nc3
Nxe3 29. Nxd5 Nxd5 30. Re2 Ne7 31. Red2 Rd5 32. Qe2 Qd7 33. Kf1 Bxd4 34. Rc2
Bxc5 35. Rxd5 Qxd5 36. Rd2 Qc4 37. Qxc4 bxc4 38. Rc2 Nd5 39. Ke2 Nb6 40. Kd2
Kf7 41. Kc3 Ke7 42. Rd2 Bd6 43. Kd4 Kd7 44. h3 Kc6 45. Rd1 Kb5 46. Rc1 g5 47.
Rc2 gxf4 48. gxf4 Bxf4 49. Rg2 e5+ 50. Kc3 Nd5+ 0-1

[Event "DEM U12 2011"]
[Site "Oberhof GER"]
[Date "2011.06.14"]
[Round "5"]
[White "Vogel, Roven"]
[Black "Balazs, Balint"]
[Result "1-0"]
[Termination "normal"]
[Board "13"]
[WhiteElo "1759"]
[BlackElo "1587"]
[PlyCount "89"]
[WhiteFideId "12908088"]
[BlackFideId "12922757"]
[EventCountry "GER"]
[EventRounds "11"]
[EventType "swiss"]
[EventDate "2011.06.11"]

1. e4 e6 2. d4 d5 3. exd5 exd5 4. Bd3 Bd6 5. Ne2 Ne7 6. O-O Nbc6 7. c3 Bf5 8.
Bf4 Qd7 9. Re1 O-O 10. Bxd6 Qxd6 11. Ng3 Bg6 12. Na3 Nd8 13. f4 Bxd3 14. Qxd3
Ne6 15. f5 Nd8 16. Rf1 f6 17. Rae1 Nf7 18. Re6 Qd7 19. Rfe1 Rfe8 20. Qe2 Kf8
21. Qh5 Ng5 22. h4 Nxe6 23. fxe6 Ng6 24. exd7 Rxe1+ 25. Kf2 Rd1 26. Qxd5 Rd8
27. Qc5+ Kf7 28. Qxc7 Rxd7 29. Qxd7+ Kf8 30. Nf5 Rd2+ 31. Ke3 Rxb2 32. Qxg7+
Ke8 33. Qxh7 Rxg2 34. Nd6+ Kd8 35. Nxb7+ Ke8 36. Nd6+ Kd8 37. Nab5 Rg3+ 38. Kf2
Rg2+ 39. Kxg2 Nxh4+ 40. Qxh4 a6 41. Qxf6+ Kd7 42. Qf7+ Kc6 43. Qc7+ Kd5 44. c4+
Ke6 45. Qf7# 1-0

[Event "DEM U12 2011"]
[Site "Oberhof GER"]
[Date "2011.06.14"]
[Round "5"]
[White "Schmekel, Florian"]
[Black "Greßmann, Moritz"]
[Result "1/2-1/2"]
[Termination "normal"]
[Board "14"]
[WhiteElo "1544"]
[BlackElo "1738"]
[PlyCount "88"]
[WhiteFideId "12913456"]
[BlackFideId "24695084"]
[EventCountry "GER"]
[EventRounds "11"]
[EventType "swiss"]
[EventDate "2011.06.11"]

1. d4 Nf6 2. c4 g6 3. Nc3 d5 4. Bf4 Bg7 5. e3 O-O 6. Nf3 c6 7. cxd5 Nxd5 8.
Nxd5 Qxd5 9. Be2 Nd7 10. O-O Nb6 11. Qc1 Bf5 12. Be5 Be4 13. Bxg7 Kxg7 14. b3
h5 15. Qc3 Kg8 16. Rac1 Rad8 17. Qc5 Qxc5 18. Rxc5 Nd5 19. Nd2 Bf5 20. Bf3 Bd3
21. Re1 Nb4 22. Rc3 Bf5 23. a3 Nc2 24. Rc1 Nxa3 25. Rc5 a6 26. Be4 Bxe4 27.
Nxe4 Nb5 28. R5c2 Nd6 29. Nc5 Rfe8 30. Rd2 e6 31. g3 Re7 32. h4 Ne8 33. Kg2 Nf6
34. f4 Nd5 35. Kf3 Kf8 36. Nd3 Kg7 37. b4 Nb6 38. Rdc2 f6 39. Rc3 Rf8 40. Ke2
Nd5 41. Rb3 Nc7 42. Rc5 Nb5 43. Rc4 Rd8 44. Kf3 Kf7 1/2-1/2

[Event "DEM U12 2011"]
[Site "Oberhof GER"]
[Date "2011.06.14"]
[Round "5"]
[White "Reimers, Juri"]
[Black "Brandl, Lea Maria"]
[Result "1-0"]
[Termination "normal"]
[Board "15"]
[WhiteElo "1675"]
[BlackElo "1546"]
[PlyCount "95"]
[WhiteFideId "24661511"]
[BlackFideId "24693049"]
[EventCountry "GER"]
[EventRounds "11"]
[EventType "swiss"]
[EventDate "2011.06.11"]

1. c4 c5 2. g3 d6 3. Bg2 Nf6 4. Nc3 e6 5. Nf3 Nc6 6. O-O Be7 7. d4 cxd4 8. Nxd4
Nxd4 9. Qxd4 O-O 10. b3 a6 11. a4 Qc7 12. Ba3 e5 13. Qd2 Be6 14. Rac1 Qd7 15.
Rfd1 Rfd8 16. Nd5 Nxd5 17. Bxd5 Rac8 18. Qe3 Bxd5 19. Rxd5 Qe6 20. Qb6 Rd7 21.
Rcd1 Rc6 22. Qe3 b6 23. Qd2 h6 24. a5 Kh8 25. Qd3 bxa5 26. c5 Kg8 27. cxd6 Bd8
28. Qe4 Bf6 29. Kg2 Rc3 30. R1d3 Rc2 31. Rxa5 Ra2 32. Rxa6 g6 33. Ra8+ Kg7 34.
Bc5 Rxa8 35. Qxa8 Bg5 36. e4 f5 37. b4 Qc4 38. Qd5 Qxe4+ 39. Qxe4 fxe4 40. Ra3
Bd8 41. Ra7 Rxa7 42. Bxa7 Kf7 43. b5 Ke6 44. b6 Bxb6 45. Bxb6 Kxd6 46. Be3 h5
47. Kh3 Ke6 48. g4 1-0

[Event "DEM U12 2011"]
[Site "Oberhof GER"]
[Date "2011.06.14"]
[Round "5"]
[White "Bugdahl, Felix"]
[Black "Schackmann, Oliver"]
[Result "0-1"]
[Termination "normal"]
[Board "17"]
[WhiteElo "1350"]
[BlackElo "1829"]
[PlyCount "46"]
[WhiteFideId "12938092"]
[BlackFideId "12905267"]
[EventCountry "GER"]
[EventRounds "11"]
[EventType "swiss"]
[EventDate "2011.06.11"]

1. e4 c5 2. Nf3 d6 3. d4 cxd4 4. Nxd4 Nf6 5. Nc3 g6 6. f3 Bg7 7. Be3 O-O 8. Qd2
Nc6 9. Nb3 Be6 10. Nd5 Rc8 11. Bb5 a6 12. Bxc6 bxc6 13. Nb6 Rb8 14. Qa5 c5 15.
Nxc5 dxc5 16. Bxc5 Nd7 17. Rd1 Qc7 18. Bxe7 Rfe8 19. Rxd7 Bxd7 20. Bc5 Bxb2 21.
O-O Bb5 22. Qb4 Bxf1 23. Nd5 Qe5 0-1

[Event "DEM U12 2011"]
[Site "Oberhof GER"]
[Date "2011.06.14"]
[Round "5"]
[White "Rempe, Moritz"]
[Black "Kreyssig, Bruno"]
[Result "0-1"]
[Termination "normal"]
[Board "18"]
[WhiteElo "1784"]
[BlackElo "1587"]
[PlyCount "54"]
[WhiteFideId "12906867"]
[BlackFideId "4692489"]
[EventCountry "GER"]
[EventRounds "11"]
[EventType "swiss"]
[EventDate "2011.06.11"]

1. e4 c5 2. Nf3 Nc6 3. d4 cxd4 4. Nxd4 Nf6 5. Nc3 d6 6. Bg5 e6 7. Qd2 Be7 8. f4
O-O 9. O-O-O e5 10. Nxc6 bxc6 11. fxe5 dxe5 12. Qf2 Qb6 13. Be3 Qb7 14. Bd3 Bg4
15. Rdf1 Rab8 16. b3 a5 17. Qg3 Qb4 18. Qxe5 Nd7 19. Qg3 Qxc3 20. Qxg4 Ne5 21.
Qg3 Nxd3+ 22. Kd1 Nb4 23. Rf2 Rbd8+ 24. Ke2 Nxc2 25. Rhf1 Qd3+ 26. Kf3 Qxe3+
27. Kg4 Qg5+ 0-1

[Event "DEM U12 2011"]
[Site "Oberhof GER"]
[Date "2011.06.14"]
[Round "5"]
[White "Peter, Anton"]
[Black "Gheng, Christian"]
[Result "0-1"]
[Termination "normal"]
[Board "19"]
[WhiteElo "1757"]
[BlackElo "1679"]
[PlyCount "100"]
[WhiteFideId "12901660"]
[BlackFideId "24660345"]
[EventCountry "GER"]
[EventRounds "11"]
[EventType "swiss"]
[EventDate "2011.06.11"]

1. d4 Nf6 2. c4 e6 3. Nc3 Bb4 4. Nf3 c5 5. a3 Bxc3+ 6. bxc3 Nc6 7. Bg5 Qa5 8.
Qc2 Nxd4 9. Nxd4 cxd4 10. Bxf6 gxf6 11. g3 Qxc3+ 12. Qxc3 dxc3 13. Bg2 Rb8 14.
O-O b6 15. Rac1 Ba6 16. Rxc3 Rc8 17. Rfc1 O-O 18. e3 Rc5 19. Rd1 Rd8 20. Rd4 d5
21. e4 Bxc4 22. exd5 Bxd5 23. Rxc5 bxc5 24. Ra4 Rd7 25. Rf4 f5 26. Bxd5 Rxd5
27. Kf1 Rd4 28. Rf3 c4 29. Ke2 Kg7 30. Rc3 e5 31. f3 f4 32. a4 a5 33. Rc2 f6
34. Rc3 Kg6 35. Rc2 Kf5 36. Kf2 h6 37. Rc3 e4 38. gxf4 exf3 39. Kxf3 Rd3+ 40.
Rxd3 cxd3 41. Ke3 d2 42. Kxd2 Kxf4 43. Kd3 Kf3 44. Kc4 f5 45. Kb5 Ke3 46. Kxa5
f4 47. Kb6 f3 48. a5 f2 49. a6 f1=Q 50. a7 Qa1 0-1

[Event "DEM U12 2011"]
[Site "Oberhof GER"]
[Date "2011.06.14"]
[Round "5"]
[White "Böhning, Kilian"]
[Black "Kempe, Anne"]
[Result "1-0"]
[Termination "normal"]
[Board "20"]
[WhiteElo "1708"]
[BlackElo "1538"]
[PlyCount "119"]
[WhiteFideId "1270499"]
[BlackFideId "12918083"]
[EventCountry "GER"]
[EventRounds "11"]
[EventType "swiss"]
[EventDate "2011.06.11"]

1. d4 Nf6 2. Bf4 g6 3. Nc3 Bg7 4. Qd2 d5 5. f3 Nc6 6. O-O-O Nh5 7. Be3 Be6 8.
g4 Nf6 9. Bf4 a6 10. e3 Qd7 11. Na4 b6 12. Nc3 b5 13. h4 O-O-O 14. a4 Na7 15.
Na2 Qc6 16. Qa5 Kb7 17. axb5 axb5 18. Nc3 Bd7 19. Qb4 Bf8 20. Qa5 Qb6 21. Qxb6+
Kxb6 22. g5 b4 23. Na2 Nh5 24. Bh2 Nc6 25. Kd2 f6 26. Nh3 Bf5 27. Nc1 Ng7 28.
Nf4 Ne6 29. Bd3 Nxf4 30. Bxf4 Bxd3 31. Nxd3 Re8 32. Nc5 e5 33. Nd7+ Kb7 34.
Nxf6 Re6 35. dxe5 Nxe5 36. Bxe5 Rxe5 37. f4 Re6 38. Ng4 Bg7 39. c3 bxc3+ 40.
bxc3 Rc6 41. Rb1+ Ka6 42. Rb3 Ka7 43. Rhb1 Rb6 44. Rxb6 cxb6 45. Kd3 Rc8 46.
Ne5 Bxe5 47. fxe5 Kb7 48. Rf1 Kc6 49. Rf7 Rc7 50. Rxc7+ Kxc7 51. Kd4 Kc6 52. e6
Kd6 53. e7 Kxe7 54. Kxd5 Kd7 55. e4 b5 56. e5 Ke7 57. e6 Ke8 58. Kd6 Kd8 59.
e7+ Ke8 60. Ke6 1-0

[Event "DEM U12 2011"]
[Site "Oberhof GER"]
[Date "2011.06.14"]
[Round "5"]
[White "Bruns, Kai-Christian"]
[Black "Rausch, Adrian"]
[Result "1-0"]
[Termination "time forfeit"]
[Board "21"]
[WhiteElo "1645"]
[BlackElo "1469"]
[PlyCount "79"]
[WhiteFideId "12938025"]
[BlackFideId "12929069"]
[EventCountry "GER"]
[EventRounds "11"]
[EventType "swiss"]
[EventDate "2011.06.11"]

1. c4 c6 2. d4 d5 3. Nc3 Nf6 4. Nf3 e6 5. e3 Bd6 6. b3 Nbd7 7. Qc2 O-O 8. Bb2
a6 9. a4 Re8 10. Be2 dxc4 11. bxc4 e5 12. O-O exd4 13. exd4 Nf8 14. Rfd1 Qc7
15. Bd3 Bg4 16. c5 Bf4 17. h3 Bxf3 18. gxf3 Ng6 19. Ne4 Nd5 20. Bf1 Nh4 21. Qb3
Re6 22. Bc1 Rg6+ 23. Kh1 Bh2 24. Bd3 Qd7 25. Ng5 f5 26. Kxh2 h6 27. f4 hxg5 28.
fxg5 Nf3+ 29. Kh1 f4 30. Bf1 Rxg5 31. Qxf3 Rf8 32. Ra3 Nf6 33. Bc4+ Nd5 34.
Bxd5+ cxd5 35. Rg1 Rxg1+ 36. Kxg1 Qe6 37. Bd2 Qg6+ 38. Kh2 Qe4 39. Qxe4 dxe4
40. d5 1-0

[Event "DEM U12 2011"]
[Site "Oberhof GER"]
[Date "2011.06.14"]
[Round "5"]
[White "Kaplun, David"]
[Black "Klodt, Daniel"]
[Result "1-0"]
[Termination "normal"]
[Board "22"]
[WhiteElo "1758"]
[BlackElo "1390"]
[PlyCount "131"]
[WhiteFideId "12901954"]
[BlackFideId "12938068"]
[EventCountry "GER"]
[EventRounds "11"]
[EventType "swiss"]
[EventDate "2011.06.11"]

1. d4 d5 2. c4 e6 3. Nc3 Nf6 4. cxd5 exd5 5. Bg5 Nbd7 6. e3 c6 7. Bd3 Be7 8.
Nge2 O-O 9. O-O Re8 10. Qc2 Nf8 11. Rad1 Bd7 12. f3 Rc8 13. Qd2 Qc7 14. Kh1 Be6
15. e4 Rcd8 16. e5 N6d7 17. Be3 b6 18. f4 Bg4 19. h3 Bxe2 20. Qxe2 f6 21. g4
fxe5 22. fxe5 Ng6 23. Qc2 Ndf8 24. g5 Qd7 25. Bf5 Qc7 26. Rf2 Nh4 27. Bg4 Nfg6
28. Rdf1 Qb7 29. Ne2 c5 30. Kg1 cxd4 31. Nxd4 Nxe5 32. Nf5 Nxg4 33. hxg4 Ng6
34. Qc3 Bf8 35. Bd4 Re4 36. Qh3 Bc5 37. Bxc5 bxc5 38. Rh2 Nf8 39. g6 Qb6 40.
gxh7+ Kh8 41. Nxg7 Qg6 42. Nh5 Rxg4+ 43. Kh1 Qe4+ 44. Qf3 Qxf3+ 45. Rxf3 Re8
46. Rf1 Rge4 47. Nf6 Re1 48. Kg1 R8e5 49. Rxe1 Rxe1+ 50. Kf2 Re5 51. Kg3 Rg5+
52. Kf4 Ne6+ 53. Ke3 Rf5 54. Rh6 Nd4 55. Rg6 Rxf6 56. Rxf6 Kxh7 57. Rf7+ Kg6
58. Rxa7 Kf6 59. a4 Nb3 60. a5 d4+ 61. Kd3 Ke6 62. a6 Kd5 63. Rc7 Na5 64. a7
c4+ 65. Rxc4 Nxc4 66. a8=Q+ 1-0